header

The Maya world of communicating objects (Record no. 125853)

MARC details
000 -LEADER
fixed length control field 01554nam a2200397 a 4500
082 04 - DEWEY DECIMAL CLASSIFICATION NUMBER
Classification number 972.81
100 1# - MAIN ENTRY--AUTHOR NAME
Personal name Astor-Aguilera, Miguel Angel,
245 14 - TITLE STATEMENT
Title The Maya world of communicating objects
260 ## - PUBLICATION, DISTRIBUTION, ETC. (IMPRINT)
Place of publication Albuquerque :
Name of publisher University of New Mexico Press,
Year of publication c2010.
300 ## - PHYSICAL DESCRIPTION
Number of Pages xix, 330 p. :
Other physical details ill., map.
650 #0 - SUBJECT ADDED ENTRY--TOPICAL TERM
Topical Term Maya cosmology.
Topical Term Mayas
Topical Term Maya architecture.
Topical Term Inscriptions, Mayan.
Topical Term Ceremonial objects.
Topical Term Symbolism in art.
Topical Term Symbolism in architecture.
856 40 - ELECTRONIC LOCATION AND ACCESS
Uniform Resource Identifier http://site.ebrary.com/lib/rucke/Doc?id=10492230

No items available.

© 2026 Rongo University
Contact us: librarian | system librarian | Rongo university